1453 1023 1399 1029 1193 1642 1983 1928 1947 1294 1091 1838 1454 1853 1412 1851 1483 1000 1083 1558 1649 1363 1208 1874 1740 1612 1768 1586 1047 1905 1018 1326 1629 1383 1358 1990 1140 1639 1645 1504 1681 1216 1564 1670 1241 1072 1330 1761 1725 1671 1084 1090 1014 1574 1242 1043 1193 1371 1063 1370 1615 1564 1841 1905 1468 1649 1236 1777 1468 1910 1428 1632 1214 1379 1043 1581 1192 1604 1470 1599 1083 1489 1987 1571 1615 1163 1434 1665 1798 1925 1795 1500 1652 1019 1613 1058 1865 1016 1812 BCNSPRNW ULIB Ver.6.0+V

เปลี่ยนเป็นภาษาไทย

Change to English
 แสดงรายละเอียดบรรณานุกรม
  กลับหน้าหลัก

Brief Record : Get Marc (ISO 2709) : E-mail record : QR code < ปิดหน้าต่าง
LEADER : 00000nam 2200000uu 4500
001    13399111321
003     ULIB
008    110622s||||||||th 000 0 tha d
020    9748650545
050 04 BF721^bอ833ท 2544
100 0  อุมาพร ตรังคสมบัติ
245 10 สร้างสมาธิให้ลูกคุณ /^cอุมาพร ตรังคสมบัติ
250    พิมพ์ครั้งที่ 2
260    กรุงเทพฯ :^bบริษัท ศูนย์วิจัยและพัฒนาครอบครัว,^c2544
300    120 หน้า ;^c22 ซม
650  7 สมาธิ
650  7 การเรียนรู้ (จิตวิทยา)
650  7 จิตวิทยาเด็ก
650  7 โรคสมาธิสั้น
945    ^p125^l0^i013854
945    ^p125^l0^i013852
945    ^p125^l0^i013853
995    ทศพร
999 ^a ใช้งานได้ทุกระบบ
รายการนี้ยังไม่มีแท็ก
คุณยังไม่ได้ล็อกอิน คุณสามารถมีกิจกรรมร่วมกับเว็บไซต์ได้ แต่ต้องล็อกอินก่อน ::
  ล็อกอิน

รายการสื่อสารสนเทศ

ลำดับที่ ประเภท เลขเรียก/บาร์โค้ด สถานที่ สถานะ
- ไม่พบข้อมูล -

รายการใกล้เคียง
    ผู้แต่ง [อุมาพร ตรังคสมบัติ]

    หัวเรื่อง [สมาธิ]
    หัวเรื่อง [การเรียนรู้ (จิตวิทยา)]
    หัวเรื่อง [จิตวิทยาเด็ก]
    หัวเรื่อง [โรคสมาธิสั้น]

BibComment


ยังไม่เคยถูกคอมเมนท์

คอมเมนท์ทรัพยากรรายการนี้
  คอมเมนท์: สร้างสมาธิให้ลูกค..


 Copyright 2026. Bcnsprnw @Library